000 00254nam a22001097a 4500
008 160507b xxu||||| |||| 00| 0 eng d
020 _a0442203837
041 _aeng
080 _a573
245 _aBasic cell biology:
_cCharlotte J. Avers;
942 _2udc
_cBK
999 _c1926
_d1926